[Event "Niteroi op 3rd"]
[Site "Niteroi"]
[Date "2023.09.08"]
[Round "7"]
[White "Mariano, Marceley Martins"]
[Black "Bastos, Gabriel Andrade"]
[Result "1-0"]
[WhiteElo "2051"]
[BlackElo "1780"]
[PlyCount "121"]
[EventDate "2023.09.04"]
[EventType "swiss"]
[EventRounds "9"]
[EventCountry "BRA"]
[SourceTitle "EXT 2024"]
[Source "ChessBase"]
[SourceDate "2023.10.10"]
[SourceVersion "1"]
[SourceVersionDate "2023.10.10"]
[SourceQuality "1"]

1. e4 c5 2. Nf3 g6 3. d4 cxd4 4. Nxd4 Bg7 5. Nc3 Nc6 6. Be3 Nf6 7. Nxc6 bxc6 8. e5 Ng8 9. Qd4 Qa5 10. f4 Nh6 11. Bd3 d6 12. Qc4 0-0 13. 0-0-0 Be6 14. Qa4 Qxa4 15. Nxa4 dxe5 16. fxe5 Bd5 17. Rhg1 Ng4 18. Bf4 Nxe5 19. Ba6 e6 20. b3 Ng4 21. h3 e5 22. Bd2 Nf6 23. Rde1 Nd7 24. c4 Be6 25. Bb7 Rab8 26. Bxc6 Rfc8 27. Bxd7 Bxd7 28. Nc3 Be6 29. g4 Rd8 30. Kc2 Rd7 31. Re2 Rbd8 32. Ne4 Rc8 33. Bg5 f5 34. Nf6+ Bxf6 35. Bxf6 e4 36. gxf5 Bxf5 37. Re3 Rd3 38. Rgg3 Rxe3 39. Rxe3 Kf7 40. Bg5 Ke6 41. Kc3 Kd6 42. Kd4 Re8 43. b4 Kc6 44. a4 a6 45. b5+ axb5 46. axb5+ Kb7 47. c5 h6 48. Bf6 h5 49. h4 Ra8 50. Kc4 Ra2 51. c6+ Ka8 52. b6 Rc2+ 53. Rc3 Rxc3+ 54. Bxc3 Bc8 55. Kd4 Bh3 56. Ke3 Bc8 57. Kxe4 Ba6 58. Kf4 Bb5 59. b7+ Ka7 60. Bd4+ Kb8 61. Be5+ 1-0

[Event "Niteroi op 3rd"]
[Site "Niteroi"]
[Date "2023.09.05"]
[Round "2"]
[White "Bastos, Gabriel Andrade"]
[Black "Pereira, Armando Scharlau"]
[Result "1-0"]
[WhiteElo "1780"]
[BlackElo "1586"]
[PlyCount "117"]
[EventDate "2023.09.04"]
[EventType "swiss"]
[EventRounds "9"]
[EventCountry "BRA"]
[SourceTitle "EXT 2024"]
[Source "ChessBase"]
[SourceDate "2023.10.10"]
[SourceVersion "1"]
[SourceVersionDate "2023.10.10"]
[SourceQuality "1"]

1. d4 d5 2. c4 c6 3. Nc3 Nf6 4. e3 e6 5. Nf3 Nbd7 6. Qc2 a6 7. Bd3 dxc4 8. Bxc4 b5 9. Be2 c5 10. dxc5 Bxc5 11. 0-0 Bb7 12. Rd1 Qe7 13. h3 0-0 14. Ng5 Ba7 15. a3 Rac8 16. b4 h6 17. Nf3 Nb6 18. Bb2 Na4 19. Qb3 Nxb2 20. Qxb2 Rfd8 21. Rxd8+ Rxd8 22. Rd1 Bb8 23. Rxd8+ Qxd8 24. Qd2 Qc7 25. g3 Ne4 26. Nxe4 Bxe4 27. Nd4 Ba7 28. Bf3 Bxf3 29. Nxf3 Bb6 30. Qd3 Qc1+ 31. Kg2 Qc6 32. e4 f6 33. Kf1 Qc1+ 34. Ke2 Qc6 35. Nd2 Kf7 36. Nb3 e5 37. h4 Ke7 38. Na1 Qc4 39. Qxc4 bxc4 40. f3 Kd6 41. Nc2 Ke6 42. a4 Bd4 43. Ne3 Kd7 44. h5 Ke6 45. Nf5 Bc3 46. b5 axb5 47. axb5 Ba5 48. Nxg7+ Kd6 49. Nf5+ Kc5 50. Kd1 Kxb5 51. Kc2 Be1 52. g4 c3 53. Nxh6 Kc4 54. Ng8 Bd2 55. h6 Bxh6 56. Nxh6 Kd4 57. Ng8 Ke3 58. Nxf6 Kxf3 59. g5 1-0

[Event "Niteroi op 3rd"]
[Site "Niteroi"]
[Date "2023.09.04"]
[Round "1"]
[White "Quintiliano Pinto, Renato Rodrigues"]
[Black "Bastos, Gabriel Andrade"]
[Result "1-0"]
[WhiteElo "2500"]
[BlackElo "1780"]
[PlyCount "67"]
[EventDate "2023.09.04"]
[EventType "swiss"]
[EventRounds "9"]
[EventCountry "BRA"]
[SourceTitle "EXT 2024"]
[Source "ChessBase"]
[SourceDate "2023.10.10"]
[SourceVersion "1"]
[SourceVersionDate "2023.10.10"]
[SourceQuality "1"]

1. e4 c5 2. Nf3 g6 3. d4 cxd4 4. Nxd4 Bg7 5. c4 Nc6 6. Be3 Nf6 7. Nc3 0-0 8. Be2 Nxd4 9. Bxd4 d6 10. 0-0 Bd7 11. h3 Bc6 12. Qc2 a5 13. Rad1 Qc7 14. Nd5 Bxd5 15. exd5 Nd7 16. Bxg7 Kxg7 17. b3 Kg8 18. Qb2 Nc5 19. Rfe1 b6 20. Bf1 e5 21. dxe6 Nxe6 22. Re3 Rfe8 23. Qd2 Ng7 24. Qxd6 Qxd6 25. Rxd6 Rxe3 26. fxe3 Rb8 27. g4 Kf8 28. Rd7 Ke8 29. Ra7 h5 30. gxh5 Nxh5 31. c5 bxc5 32. Bc4 Rb6 33. Bxf7+ Kf8 34. Bc4 1-0